Generation of multiclass optical orthogonal codes & simulation of optical CDMA system / (Record no. 184066)

000 -LEADER
fixed length control field 00807 a2200193 4500
003 - CONTROL NUMBER IDENTIFIER
control field NUST
005 - DATE AND TIME OF LATEST TRANSACTION
control field 20251121182954.0
040 ## - CATALOGING SOURCE
Transcribing agency Nust
082 ## - DEWEY DECIMAL CLASSIFICATION NUMBER
Classification number 621.382,KHA
100 ## - MAIN ENTRY--PERSONAL NAME
Personal name Khayam , NC Muhammad (TCC-17)
9 (RLIN) 131998
245 ## - TITLE STATEMENT
Title Generation of multiclass optical orthogonal codes & simulation of optical CDMA system /
Statement of responsibility, etc. NC Muhammad Khayam, NC Nasir Hakeem, Capt Umar Iftikhar and PC Zain Tahir.
260 ## - PUBLICATION, DISTRIBUTION, ETC.
Place of publication, distribution, etc. Rawalpindi
Name of publisher, distributor, etc. MCS (NUST)
Date of publication, distribution, etc. August 2009
300 ## - PHYSICAL DESCRIPTION
Extent 47 p.;
505 ## - FORMATTED CONTENTS NOTE
Formatted contents note Introduction to Optical CDMA (Page-1), Optical Orthogonal Codes (Page-11), Greedy Algorithm (Page-21), Simulation of Optical CDMA System (Page-35), Future Work Areas (Page-43).
650 ## - SUBJECT ADDED ENTRY--TOPICAL TERM
Topical term or geographic name entry element UG Projects
9 (RLIN) 98716
651 ## - SUBJECT ADDED ENTRY--GEOGRAPHIC NAME
Geographic name TCC-17B
9 (RLIN) 131348
700 ## - ADDED ENTRY--PERSONAL NAME
Personal name Supervised by Maj Dr. Adnan Rashdi
9 (RLIN) 131999
942 ## - ADDED ENTRY ELEMENTS (KOHA)
Koha item type Project Report
Source of classification or shelving scheme
Holdings
Withdrawn status Lost status Source of classification or shelving scheme Damaged status Not for loan Permanent Location Current Location Shelving location Date acquired Full call number Barcode Date last seen Price effective from Koha item type Public note
          Military College of Signals (MCS) Military College of Signals (MCS) Reference 12/12/2016 621.382,KHA MCSPTC-114 12/08/2016 12/12/2016 Project Report Almirah No. 94, Shelf No. 3
© 2023 Central Library, National University of Sciences and Technology. All Rights Reserved.